00845nam a2200241 a 450000100060000000300080000600500170001400800410003103500190007204000260009104100080011708200310012510000270015624500870018324600600027026000470033030000200037750000450039750500450044265000500048765000230053770000430056032860BD-RjUL20211209051915.0140428s1952 pk |||| 000 0 eng d a(BD-RjUL)32950 aBD-RjULbengcBD-RjUL aeng04223a297.272bABS Pt-1 195210aAbbasi, S. Ghaleb Khan14aThe structure of Islamic polity /cby S Ghaleb Khan Abbasi and A. de Zayas Abbasi aIslamic Institutions:bThe structure of Islamic polity  aLahore :bShaikh Muhammad Ashraf,cc 1952. a Part ;c22 cm. a At head of title: Islamic institutions.0 aPart I ,The one-party system in Islam -- aIslamic countries xPolitics and government.  aIslam and Politics1 a Abbasi, A. de Zayas, jt. auth.